000 00699nam a22002417a 4500
003 UA-OsUOA
001 42172
007 ta
008 20061027b un ||||| |||| 00| 0 ukr d
100 _aСлободянюк П.
090 _a27(477)(091)
_bС48
942 _cBK
040 _aUA-OsUOA
_bukr
_cUA-OsUOA
_dUA-OsUOA
245 _aУкраїнська церква: історія руїни і відродження
300 _a265 с.
955 _a4
041 _aukr
080 _a27(477)(091)
020 _a966-7736-16-4
260 _aХмельницький
_c2000
650 7 _a27 Загальна історія Християнської церкви
_2UDC
999 _c328309
_d328309